| 000 | 00420ata a2200169 4500 | ||
|---|---|---|---|
| 005 | 20171218092746.0 | ||
| 008 | 150518b xxu||||| |||| 00| 0 spa d | ||
| 041 | _aspa | ||
| 082 | _a398.2 S222b | ||
| 100 |
_aSandy, Seud _96667 |
||
| 245 | _aBombas a la tica | ||
| 260 |
_aCosta Rica _bO. Sandi P. _c2012 |
||
| 300 | _a52 páginas | ||
| 650 |
_aFOLCLOR COSTARRICENSE _97437 |
||
| 650 |
_aBOMBAS _917536 |
||
| 942 | _cBK | ||
| 999 |
_c10192 _d10192 |
||